| 000 | 01011nam a2200265Ia 4500 | ||
|---|---|---|---|
| 008 | 191130s2006##################000#0#eng## | ||
| 020 | _a9780444527592 | ||
| 040 |
_aACL _cACL |
||
| 082 | _a577.73 SHA | ||
| 245 |
_aBenguela : predicting a large marine ecosystem _cedited by Vere Shannon ... [et al.] |
||
| 250 | _a1st ed | ||
| 260 |
_aAmsterdam _bElsevier _c2006 |
||
| 300 | _axxv, 410 p. : ill. (some col.), maps | ||
| 500 | _aIncludes index | ||
| 650 | _aAtlantic Coast (Namibia) -- Environmental conditions -- Forecasting | ||
| 650 | _aAtlantic Coast (South Africa) -- Environmental conditions -- Forecasting | ||
| 650 | _aMarine ecological regions -- Namibia -- Atlantic Coast | ||
| 650 | _aMarine ecological regions -- South Africa -- Atlantic Coast | ||
| 650 | _aOcean currents -- Namibia -- Atlantic Coast | ||
| 650 | _aOcean currents -- South Africa -- Atlantic Coast | ||
| 700 | _aShannon, Vere | ||
| 990 | _aed4cbbe2ac10000c124dab82f6ad33a4 | ||
| 991 | _a251044 | ||
| 999 |
_c113978 _d113978 |
||